[Event "47th Sparkassen Open"]
[Site "Dortmund GER"]
[Date "2019.07.15"]
[Round "3.32"]
[White "Winterberg, Andreas"]
[Black "Beckmann, David"]
[Result "1-0"]
[WhiteElo "1956"]
[BlackElo "2016"]
[WhiteFideId "16210433"]
[BlackFideId "24664707"]
[EventDate "2019.07.13"]

1. e4 e6 2. d4 d5 3. Nc3 dxe4 4. Nxe4 Nd7 5. Nf3 Ngf6 6. Ng3 c5 7. Bd3 Be7 8.
O-O O-O 9. c3 cxd4 10. Nxd4 Nc5 11. Bc2 Qc7 12. Qf3 Bd7 13. Bg5 Bc6 14. Nxc6
Qxc6 15. Qxc6 bxc6 16. Rad1 Rfd8 17. Rfe1 h6 18. Bc1 a5 19. Ne2 Ncd7 20. Nd4 c5
21. Nc6 Re8 22. Ba4 Nb6 23. Nxe7+ Rxe7 24. Bb5 Nbd5 25. Bc6 Raa7 26. a3 Rec7 27.
Bb5 c4 28. Rd4 Nb6 29. Rd8+ Kh7 30. Be3 Nfd5 31. Rxd5 Nxd5 32. Bxa7 Rxa7 33.
Bxc4 Nf6 34. Rd1 Rb7 35. b4 Rc7 36. Bd3+ g6 37. c4 Nd7 38. c5 Ne5 39. Bf1 Kg7
40. f4 Ng4 41. Rc1 Ne3 42. b5 Nd5 43. Rc4 Kf6 44. b6 Rc8 45. b7 Rb8 46. c6 Nc7
47. Rd4 Nd5 48. Rxd5 1-0

[Event "47th Sparkassen Open"]
[Site "Dortmund GER"]
[Date "2019.07.15"]
[Round "3.33"]
[White "Fistoul, Boris"]
[Black "Artola Pola, Gerardo"]
[Result "1-0"]
[WhiteElo "1938"]
[BlackElo "2031"]
[WhiteFideId "12953962"]
[BlackFideId "150878"]
[EventDate "2019.07.13"]

1. d4 Nf6 2. c4 g6 3. f3 d5 4. cxd5 Nxd5 5. e4 Nb6 6. Be3 Bg7 7. Nc3 O-O 8. Qd2
Nc6 9. O-O-O Qd6 10. Nb5 Qd7 11. f4 Rd8 12. Nf3 f5 13. e5 a6 14. Nc3 Nb4 15. Kb1
N6d5 16. Bc4 e6 17. h4 Ne7 18. h5 b5 19. Bb3 Bb7 20. hxg6 hxg6 21. Ng5 Nbd5 22.
Rh4 a5 23. g3 a4 24. Qh2 Nxc3+ 25. bxc3 Nd5 26. Rh1 Kf8 27. Rh8+ Ke7 28. Qh7 Rg8
29. Rxg8 Rxg8 30. Qxg8 Nxc3+ 31. Kb2 Bxh1 32. Qxg7+ Kd8 33. Nxe6+ Kc8 34. Qf8+ 1-0

[Event "47th Sparkassen Open"]
[Site "Dortmund GER"]
[Date "2019.07.15"]
[Round "3.34"]
[White "Spickermann, Sven"]
[Black "Meinschien, Finn"]
[Result "1-0"]
[WhiteElo "2008"]
[BlackElo "1908"]
[WhiteFideId "16248767"]
[BlackFideId "12989665"]
[EventDate "2019.07.13"]

1. e4 c5 2. Nf3 Nc6 3. d4 cxd4 4. Nxd4 g6 5. c4 Bg7 6. Be3 Qb6 7. Nb3 Qd8 8. Nc3
Nf6 9. Be2 O-O 10. f4 d6 11. O-O Bd7 12. c5 dxc5 13. e5 Ne8 14. Nxc5 Bc8 15.
Qxd8 Nxd8 16. Nd5 e6 17. Ne7+ Kh8 18. Rac1 f6 19. Rfd1 Nc7 20. exf6 Bxf6 21.
Nxc8 Rxc8 22. Nd7 Rf7 23. Nxf6 Rxf6 24. Bd4 1-0

[Event "47th Sparkassen Open"]
[Site "Dortmund GER"]
[Date "2019.07.15"]
[Round "3.35"]
[White "Dippel, Olaf"]
[Black "Schriewer, Thomas"]
[Result "0-1"]
[WhiteElo "1914"]
[BlackElo "2004"]
[WhiteFideId "4693159"]
[BlackFideId "24606049"]
[EventDate "2019.07.13"]

1. d4 d5 2. c4 c6 3. cxd5 cxd5 4. Nc3 Nf6 5. Nf3 Nc6 6. Bf4 a6 7. e3 Bf5 8. a3
e6 9. Nh4 Bg6 10. Nxg6 hxg6 11. g4 Bd6 12. Bxd6 Qxd6 13. h4 g5 14. h5 Rc8 15.
Rc1 Rh6 16. Be2 Ke7 17. Bf3 Rch8 18. Kd2 Na5 19. Kc2 Nc4 20. e4 dxe4 21. Nxe4
Nxe4 22. Bxe4 Qb6 23. b3 Nxa3+ 24. Kb2 Nb5 25. Rc5 Rd8 26. Qc1 f6 27. d5 Qd6 28.
Bd3 b6 29. Re1 Qxc5 30. Rxe6+ Kf8 0-1

[Event "47th Sparkassen Open"]
[Site "Dortmund GER"]
[Date "2019.07.15"]
[Round "3.37"]
[White "Homfeldt, Christopher"]
[Black "Schroeder, Joerg"]
[Result "0-1"]
[WhiteElo "1848"]
[BlackElo "1985"]
[WhiteFideId "16220293"]
[BlackFideId "24635677"]
[EventDate "2019.07.13"]

1. e4 g6 2. d4 Bg7 3. Nc3 c6 4. Bc4 d5 5. exd5 b5 6. Bb3 b4 7. Ne4 cxd5 8. Nc5
Nf6 9. Ba4+ Nbd7 10. Bf4 Qb6 11. Be5 O-O 12. Nxd7 Bxd7 13. Bxd7 Nxd7 14. Bxg7
Kxg7 15. Nf3 Rac8 16. O-O Rc4 17. Qe2 Nf6 18. a3 bxa3 19. b3 Rc3 20. Qxe7 Rxc2
21. Qxa3 Rb8 22. Qxa7 Qxb3 23. Ra3 Rb7 24. Qa8 Qb2 25. Ra2 Qxa2 26. Qxb7 Ne4 27.
Qe7 Rxf2 28. Qe5+ f6 29. Qe7+ Kh6 30. Qf8+ Kh5 31. g4+ Kxg4 32. Ne5+ Kh5 0-1

[Event "47th Sparkassen Open"]
[Site "Dortmund GER"]
[Date "2019.07.15"]
[Round "3.39"]
[White "Henrotte, Nils"]
[Black "Leonard, Timo"]
[Result "1/2-1/2"]
[WhiteElo "1969"]
[BlackElo "1911"]
[WhiteFideId "12923311"]
[BlackFideId "16208757"]
[EventDate "2019.07.13"]

1. e4 e6 2. b3 d5 3. Bb2 dxe4 4. Nc3 Nf6 5. Qe2 Nbd7 6. g4 b6 7. Bg2 Bb7 8. Nxe4
Qc8 9. Nh3 Be7 10. g5 Nxe4 11. Bxe4 Nc5 12. Bxb7 Qxb7 13. Qb5+ Nd7 14. O-O-O Qf3
15. Qf1 Rg8 16. d4 Bxg5+ 17. Nxg5 Qf4+ 18. Kb1 Qxg5 19. f4 Qa5 20. d5 O-O-O 21.
dxe6 fxe6 22. Qc4 Qf5 23. Qc6 Nb8 24. Qc4 Nd7 25. Rhe1 g6 26. b4 Rge8 27. Rd6 b5
28. Qc6 Nb8 29. Rxd8+ Rxd8 30. Qxe6+ Qxe6 31. Rxe6 Rd1+ 32. Bc1 Kd7 1/2-1/2

[Event "47th Sparkassen Open"]
[Site "Dortmund GER"]
[Date "2019.07.15"]
[Round "3.40"]
[White "Yin, Haode"]
[Black "Perkampus, Laurin"]
[Result "1/2-1/2"]
[WhiteElo "1652"]
[BlackElo "2009"]
[WhiteFideId "16261348"]
[BlackFideId "16232283"]
[EventDate "2019.07.13"]

1. d4 Nf6 2. Nf3 g6 3. g3 Bg7 4. Bg2 O-O 5. O-O d5 6. c4 dxc4 7. Na3 Nc6 8. Nxc4
Be6 9. Nce5 Bd5 10. Nxc6 Bxc6 11. Nh4 Bxg2 12. Nxg2 Ne4 13. e3 c5 14. Qc2 Ng5
15. dxc5 Nf3+ 16. Kh1 Qd5 17. Nf4 Qc6 18. e4 e5 19. Nd5 Qd7 20. Kg2 Nd4 21. Qd3
f5 22. f3 fxe4 23. Qxe4 Rad8 24. Nc3 Rf5 25. Be3 Qf7 26. Rad1 Rf8 27. f4 Ne6 28.
Nd5 Ng5 29. Qc4 Ne6 30. b3 exf4 31. Nxf4 Nxf4+ 32. Rxf4 Rxf4 33. Bxf4 Qxc4 34.
bxc4 Rc8 35. Rd7 Rxc5 36. Rxb7 Rxc4 37. Rxa7 Bd4 38. Ra8+ Kg7 39. Kf3 Rc2 40. g4 1/2-1/2

[Event "47th Sparkassen Open"]
[Site "Dortmund GER"]
[Date "2019.07.15"]
[Round "3.41"]
[White "Burchert, Wolfgang"]
[Black "Atali, Dogukan"]
[Result "1-0"]
[WhiteElo "2075"]
[BlackElo "1734"]
[WhiteFideId "4654412"]
[BlackFideId "16208269"]
[EventDate "2019.07.13"]

1. d4 Nf6 2. Bf4 d5 3. e3 c5 4. dxc5 Nc6 5. Bb5 e6 6. b4 a5 7. c3 axb4 8. cxb4
Bd7 9. Qb3 Nh5 10. Ne2 d4 11. O-O Nxf4 12. exf4 g6 13. Nd2 Bg7 14. Rad1 O-O 15.
Nc4 Qh4 16. a4 e5 17. fxe5 Nxe5 18. Bxd7 Nxd7 19. f4 Nf6 20. Nxd4 1-0

[Event "47th Sparkassen Open"]
[Site "Dortmund GER"]
[Date "2019.07.15"]
[Round "3.42"]
[White "Koellner, Aaron Noah"]
[Black "Barskij, Aleksandr"]
[Result "1/2-1/2"]
[WhiteElo "2044"]
[BlackElo "1941"]
[WhiteFideId "12993085"]
[BlackFideId "4697251"]
[EventDate "2019.07.13"]

1. d4 Nf6 2. Nf3 d5 3. e3 Bf5 4. Nbd2 e6 5. Ne5 h6 6. Bd3 Bxd3 7. cxd3 Bd6 8.
O-O Nbd7 9. Nxd7 Nxd7 10. e4 O-O 11. e5 Be7 12. f4 c5 13. dxc5 Bxc5+ 14. Kh1 Rc8
15. Qg4 Rc6 16. Nf3 f5 17. Qh3 Rf7 18. g4 fxg4 19. Qxg4 Nf8 20. Bd2 Bb6 21. d4
Qe8 22. Nh4 Bd8 23. Nf3 Rf5 24. Rg1 Qf7 25. Rac1 Rxc1 26. Rxc1 Qg6 27. h3 h5 28.
Qxg6 Nxg6 29. Rc8 Rf8 30. Bb4 Be7 31. Rxf8+ Bxf8 32. Bxf8 Kxf8 33. f5 exf5 34.
Kg2 Nf4+ 35. Kg3 Ne6 36. h4 g6 37. Kf2 Kg7 38. Ke3 Kh6 39. Kf2 g5 40. hxg5+ Nxg5
41. Nh4 Ne4+ 42. Kf3 Kg5 43. Ng2 Nd2+ 44. Kg3 f4+ 45. Kh3 Kf5 46. b3 Nf3 47.
Nh4+ Nxh4 48. Kxh4 Kg6 49. Kh3 Kg5 50. Kg2 h4 51. Kf3 h3 52. Kf2 Kf5 53. Kf3 Kg5
54. Kf2 Kg6 55. Kf3 Kg5 56. Kf2 Kf5 1/2-1/2

[Event "47th Sparkassen Open"]
[Site "Dortmund GER"]
[Date "2019.07.15"]
[Round "3.43"]
[White "Stock, Tobias W"]
[Black "De Smedt, Mark"]
[Result "1-0"]
[WhiteElo "2001"]
[BlackElo "1920"]
[WhiteFideId "407500"]
[BlackFideId "244899"]
[EventDate "2019.07.13"]

1. d4 d5 2. c4 Nc6 3. Nc3 Nf6 4. Bg5 e6 5. e3 dxc4 6. Bxc4 Na5 7. Bd3 c5 8. Nf3
Nc6 9. O-O cxd4 10. exd4 Be7 11. a3 O-O 12. b4 Nd5 13. Ne4 f5 14. Bxe7 Ndxe7 15.
Nc5 Nxd4 16. Re1 Nec6 17. Bc4 Re8 18. b5 Nxf3+ 19. Qxf3 Nd4 20. Qc3 Qf6 21. Rac1
Kf7 22. Nd3 Kg8 23. Ne5 Rd8 24. Rcd1 1-0

[Event "47th Sparkassen Open"]
[Site "Dortmund GER"]
[Date "2019.07.15"]
[Round "3.45"]
[White "Manthei, Michael"]
[Black "Oltmanns, Jan"]
[Result "0-1"]
[WhiteElo "1935"]
[BlackElo "1970"]
[WhiteFideId "24605824"]
[BlackFideId "16251318"]
[EventDate "2019.07.13"]

1. d4 Nf6 2. h4 d5 3. b4 Bf5 4. e3 Nbd7 5. Bb2 e6 6. a3 Nb6 7. Bd3 c6 8. c3 Bd6
9. Ne2 O-O 10. Bc1 Re8 11. f3 Bxd3 12. Qxd3 e5 13. dxe5 Bxe5 14. g4 Qe7 15. Kf2
a5 16. g5 Nfd7 17. f4 axb4 18. fxe5 Nxe5 19. Qd4 c5 20. Qd2 b3 21. Rh3 Nbc4 22.
Qxd5 Rad8 23. Qh1 Nd3+ 24. Kg2 Nxc1 25. Nxc1 Nxe3+ 26. Rxe3 Qxe3 27. Nxb3 Qe4+ 0-1

[Event "47th Sparkassen Open"]
[Site "Dortmund GER"]
[Date "2019.07.16"]
[Round "4.1"]
[White "Andersen, Gunnar"]
[Black "Michalczak, Thomas"]
[Result "1/2-1/2"]
[BlackTitle "FM"]
[WhiteElo "2166"]
[BlackElo "2239"]
[WhiteFideId "30920795"]
[BlackFideId "4622634"]
[EventDate "2019.07.13"]

1. e4 c5 2. Nf3 a6 3. c4 Nc6 4. d4 cxd4 5. Nxd4 Nf6 6. Nc3 e5 7. Nc2 Bc5 8. Be2
h6 9. O-O d6 10. Be3 Bxe3 11. Nxe3 O-O 12. Qd2 Be6 13. Nc2 Qb6 14. b4 Nd4 15.
Nxd4 exd4 16. Nd5 Bxd5 17. exd5 Ne4 18. Qf4 Nc3 19. Bd3 Qxb4 1/2-1/2

[Event "47th Sparkassen Open"]
[Site "Dortmund GER"]
[Date "2019.07.16"]
[Round "4.2"]
[White "Jugelt, Tobias"]
[Black "Stillger, Bernhard"]
[Result "1-0"]
[WhiteTitle "IM"]
[BlackTitle "FM"]
[WhiteElo "2403"]
[BlackElo "2199"]
[WhiteFideId "4626150"]
[BlackFideId "4610768"]
[EventDate "2019.07.13"]

1. d4 Nf6 2. Bf4 d5 3. Nc3 c5 4. Nf3 Nc6 5. e3 a6 6. Be2 cxd4 7. Nxd4 e6 8. O-O
Be7 9. Bf3 O-O 10. e4 Nxd4 11. Qxd4 dxe4 12. Qxd8 Rxd8 13. Nxe4 Nxe4 14. Bxe4
Rd4 15. f3 f5 16. Be3 Rb4 17. Bd3 Rxb2 18. Bd4 Rb4 19. c3 Rb2 20. Rfe1 Bf6 21.
Bxf6 gxf6 22. Bc4 Kf7 23. Rad1 Ke7 24. Rd4 Bd7 25. Red1 Bc6 26. Rd6 Bd5 27. Bxd5
exd5 28. R6xd5 f4 29. Re1+ Kf7 30. Rd7+ Kg6 31. h4 Rg8 32. Ree7 b5 33. Rxh7 Kf5
34. Rhg7 Rxg7 35. Rxg7 Rxa2 36. h5 Rd2 37. h6 Rd8 38. Kf2 Rh8 39. h7 Ke5 40. Ke2
f5 41. Ra7 Kd5 42. Kd3 Ke5 43. Kc2 a5 44. Kb3 Ke6 45. Ra6+ Ke5 46. Rxa5 Rxh7 47.
Rxb5+ Ke6 48. Rb4 Ke5 49. Kc4 Rg7 50. Rb5+ Ke6 51. Rb2 Rc7+ 52. Kd3 Rd7+ 53. Ke2
Rc7 54. Rc2 Kd5 55. Kd3 Ra7 56. Rb2 Ke5 57. Re2+ Kd5 58. c4+ Kd6 59. Kd4 Rd7 60.
Re5 Kc6+ 61. Rd5 Rg7 62. Rxf5 Rxg2 63. Rf6+ Kc7 64. Rxf4 Rd2+ 65. Kc5 Rd7 66.
Rf6 Rh7 67. f4 1-0

[Event "47th Sparkassen Open"]
[Site "Dortmund GER"]
[Date "2019.07.16"]
[Round "4.3"]
[White "Heck, Norbert"]
[Black "Bagrationi, Alexander"]
[Result "0-1"]
[WhiteTitle "FM"]
[BlackTitle "GM"]
[WhiteElo "2211"]
[BlackElo "2505"]
[WhiteFideId "4622928"]
[BlackFideId "14104954"]
[EventDate "2019.07.13"]

1. Nf3 d5 2. c4 e6 3. g3 Nf6 4. Bg2 Be7 5. O-O O-O 6. d4 b6 7. Nc3 Bb7 8. Ne5
Nbd7 9. cxd5 Nxd5 10. Nxd5 exd5 11. Bf4 Nxe5 12. Bxe5 Qd7 13. Qb3 g5 14. Rac1
Rac8 15. g4 Qxg4 16. Qh3 Qe6 17. Qxe6 fxe6 18. Bh3 Kf7 19. Bxc7 g4 20. Bg2 Ba6
21. Rfe1 Bb4 22. Be5 Bxe1 23. Rxe1 Rc2 24. e4 Rfc8 25. Bf4 Bb7 26. exd5 Bxd5 27.
Bxd5 exd5 28. Re5 Rxb2 29. Rxd5 Rxa2 30. Rh5 Ra5 31. Rxh7+ Kg6 32. Rd7 Kf5 33.
Be3 Ke4 34. Rg7 Ra8 35. Rxg4+ Kd3 36. h4 Rd5 37. Bg5 a5 0-1

[Event "47th Sparkassen Open"]
[Site "Dortmund GER"]
[Date "2019.07.16"]
[Round "4.4"]
[White "Baerwolf, Steven"]
[Black "Hausrath, Daniel"]
[Result "0-1"]
[BlackTitle "GM"]
[WhiteElo "2176"]
[BlackElo "2468"]
[WhiteFideId "24658634"]
[BlackFideId "4617495"]
[EventDate "2019.07.13"]

1. e4 d6 2. d4 g6 3. Nc3 Bg7 4. Be3 a6 5. Qd2 b5 6. a3 Nd7 7. O-O-O Bb7 8. f3 e6
9. h4 h6 10. Kb1 Ne7 11. g4 c6 12. h5 g5 13. f4 gxf4 14. Bxf4 c5 15. dxc5 Nxc5
16. Bg2 Qb6 17. Bxd6 O-O-O 18. Nge2 Be5 19. Bxc5 Qxc5 20. Qc1 Rdg8 21. Bf3 Nc6
22. Rd3 Bc7 23. Nd1 Ne5 24. Rc3 Qb6 25. Rf1 Kb8 26. Qe3 Nc4 27. Qxb6 Bxb6 28.
Kc1 Bd8 29. Rg1 Bg5+ 30. Kb1 Rd8 31. Ka1 Rd2 32. Re3 Rxc2 33. Nec3 Ne5 0-1

[Event "47th Sparkassen Open"]
[Site "Dortmund GER"]
[Date "2019.07.16"]
[Round "4.5"]
[White "Chittka, Julius"]
[Black "Maes, Wim"]
[Result "1/2-1/2"]
[BlackTitle "FM"]
[WhiteElo "2319"]
[BlackElo "2185"]
[WhiteFideId "12954772"]
[BlackFideId "201073"]
[EventDate "2019.07.13"]

1. Nf3 Nf6 2. b3 g6 3. Bb2 Bg7 4. g3 O-O 5. Bg2 d6 6. d4 Nbd7 7. O-O e5 8. dxe5
Ng4 9. Qd2 Ngxe5 10. c4 Nxf3+ 11. exf3 Bxb2 12. Qxb2 Re8 13. Nc3 Nf6 14. f4 Rb8
15. Nb5 c6 16. Nc3 Bf5 17. Rad1 Re6 18. Ne2 Re8 19. Nd4 Bg4 20. Rd2 d5 21. h3
Bd7 22. cxd5 Nxd5 23. Bxd5 cxd5 24. h4 Qf6 25. Nf3 Qxb2 26. Rxb2 f6 27. Rc1 Rbc8
28. Rbc2 Rxc2 29. Rxc2 Rc8 30. Rxc8+ Bxc8 31. Kf1 Kf7 32. Nd4 Bd7 33. Ke2 Ke7
34. Kd3 Kd6 35. b4 Ke7 36. Ne2 Kd6 37. Kd4 a6 38. Nc3 Be6 39. f3 h5 40. Nd1 Kc6
41. a4 Kd6 42. Ne3 f5 43. Nd1 b6 44. Nc3 Bf7 45. Nd1 Be8 46. Nb2 Bc6 47. Kc3 Kc7
48. Kb3 Kd6 49. Kc3 Kc7 50. Kc2 Kd6 51. Kb3 Be8 52. Kc3 Bc6 53. Kd4 Be8 54. Kd3 1/2-1/2

[Event "47th Sparkassen Open"]
[Site "Dortmund GER"]
[Date "2019.07.16"]
[Round "4.6"]
[White "Luft, Dennis"]
[Black "Arold, Gerhard"]
[Result "0-1"]
[WhiteElo "2294"]
[BlackElo "2045"]
[WhiteFideId "24623717"]
[BlackFideId "24664120"]
[EventDate "2019.07.13"]

1. e4 d5 2. exd5 Qxd5 3. Nc3 Qd6 4. d4 Nf6 5. Nf3 c6 6. g3 Bg4 7. Be2 e6 8. h3
Bh5 9. g4 Bg6 10. Ne5 Nbd7 11. Bf4 Qb4 12. Nc4 Nd5 13. Bd2 Qe7 14. Bf3 N7b6 15.
Ne5 Nxc3 16. Bxc3 Nd7 17. Nd3 Qh4 18. Qe2 O-O-O 19. O-O-O Bd6 20. Ne1 Nb6 21.
Ng2 Qe7 22. h4 h6 23. d5 cxd5 24. Bxg7 Rhg8 25. Bxh6 Nc4 26. Bd2 Be5 27. c3 Rd6
28. Bf4 Ra6 29. Bg5 Qc5 30. Ne3 Nxb2 31. c4 Rxa2 32. Nf5 Qa3 0-1

[Event "47th Sparkassen Open"]
[Site "Dortmund GER"]
[Date "2019.07.16"]
[Round "4.7"]
[White "Dorst, Johannes"]
[Black "Kartsev, Soel"]
[Result "0-1"]
[WhiteTitle "FM"]
[WhiteElo "2234"]
[BlackElo "2217"]
[WhiteFideId "4650433"]
[BlackFideId "4130561"]
[EventDate "2019.07.13"]

1. e4 e5 2. Nf3 Nf6 3. Nxe5 d6 4. Nf3 Nxe4 5. Nc3 Nxc3 6. dxc3 Be7 7. Be3 O-O 8.
Qd2 Nd7 9. O-O-O c6 10. Kb1 Ne5 11. Nd4 d5 12. b3 a5 13. f4 Ng4 14. Bg1 a4 15.
Bd3 axb3 16. cxb3 Nf6 17. Qc2 Bd6 18. g3 Bg4 19. Be2 Bxe2 20. Nxe2 Ne4 21. Rd3
b5 22. Be3 Re8 23. Rf1 Qd7 24. f5 Be5 25. Bd4 f6 26. g4 Bxh2 27. Rh3 Be5 28. Be3
h6 29. Rfh1 Ng5 30. Bxg5 hxg5 31. Nd4 Bxd4 32. cxd4 Kf7 33. Rc3 Rac8 34. Qh2 Re4
35. Qh7 Qe8 36. Qg6+ Kg8 37. Qh7+ Kf7 38. Qg6+ Kg8 39. Qh7+ Kf8 40. Qh8+ Kf7 41.
Qh5+ Ke7 42. Qh7 Qf7 43. Qh2 Kd7 44. Qc2 Qe7 45. Rc1 Qd6 46. Rd1 Rxg4 47. Re3
Re8 48. Rxe8 Kxe8 49. Re1+ Kf7 50. Re6 Qf4 51. Rxc6 Qxd4 52. Qe2 Qe4+ 53. Qxe4
Rxe4 54. Rc7+ Kg8 55. Rc2 g4 56. Rc5 g3 57. Rc2 Rf4 58. Rg2 Rf1+ 0-1

[Event "47th Sparkassen Open"]
[Site "Dortmund GER"]
[Date "2019.07.16"]
[Round "4.8"]
[White "Humburg, Philipp"]
[Black "Prueske, Wolfgang"]
[Result "0-1"]
[WhiteElo "2244"]
[BlackElo "1961"]
[WhiteFideId "24656151"]
[BlackFideId "4667271"]
[EventDate "2019.07.13"]

1. c4 e5 2. Nc3 Nf6 3. g3 c6 4. d4 e4 5. Bg5 Bb4 6. Qb3 a5 7. a3 Bxc3+ 8. bxc3
a4 9. Qc2 d5 10. c5 Nbd7 11. f3 h6 12. Bf4 O-O 13. Nh3 Re8 14. Kf2 b6 15. cxb6
Nxb6 16. Kg1 Nc4 17. Nf2 Qe7 18. fxe4 Nxe4 19. Nxe4 dxe4 20. e3 Be6 21. Bxc4
Bxc4 22. g4 Red8 23. Kg2 Rd5 24. Qf2 Rb5 25. Rhb1 Rxb1 26. Rxb1 Qxa3 27. g5 h5
28. Rb7 Qa2 29. Rb2 Qa1 30. g6 a3 31. gxf7+ Bxf7 32. Rb7 Qd1 33. Rxf7 Qf3+ 34.
Qxf3 exf3+ 35. Kxf3 Kxf7 36. h4 a2 37. c4 a1=Q 38. Ke4 Qc3 39. c5 Ke6 40. Be5
Rf8 41. Bxg7 Qc2# 0-1

[Event "47th Sparkassen Open"]
[Site "Dortmund GER"]
[Date "2019.07.16"]
[Round "4.9"]
[White "Hourigan, Gerrit"]
[Black "Wagner, Alexej"]
[Result "1/2-1/2"]
[WhiteElo "2037"]
[BlackElo "2277"]
[WhiteFideId "16204174"]
[BlackFideId "4129555"]
[EventDate "2019.07.13"]

1. e4 c5 2. Nf3 d6 3. d4 cxd4 4. Nxd4 Nf6 5. Nc3 a6 6. Bg5 e6 7. f4 Be7 8. Qf3
Qc7 9. O-O-O Nbd7 10. g4 b5 11. Bxf6 Nxf6 12. g5 Nd7 13. f5 O-O 14. Rg1 b4 15.
Nce2 e5 16. f6 exd4 17. fxe7 Re8 18. Nxd4 Ne5 19. Qb3 Rb8 20. Nf5 Rb6 21. Kb1 g6
22. Ne3 Be6 23. Nd5 Bxd5 24. Rxd5 Rxe7 25. Be2 Qc6 26. Qe3 Re6 27. h4 Nd7 28.
Rgd1 Nc5 29. Bf3 a5 30. h5 a4 31. e5 Nd7 32. Qf4 b3 33. cxb3 axb3 34. axb3 Rxb3
35. R5d3 Qb5 36. Rxb3 Qxb3 37. Rxd6 Rxd6 38. exd6 Qd3+ 39. Ka2 Qa6+ 40. Kb1 Qd3+
41. Ka2 Qa6+ 1/2-1/2

[Event "47th Sparkassen Open"]
[Site "Dortmund GER"]
[Date "2019.07.16"]
[Round "4.10"]
[White "Kashlinskaya, Alina"]
[Black "Savchenko, Daniel"]
[Result "1-0"]
[WhiteTitle "IM"]
[WhiteElo "2492"]
[BlackElo "2168"]
[WhiteFideId "4198026"]
[BlackFideId "12919195"]
[EventDate "2019.07.13"]

1. d4 Nf6 2. c4 e6 3. Nc3 b6 4. e4 Bb4 5. Bd3 Bb7 6. f3 d5 7. Qa4+ Nc6 8. cxd5
exd5 9. e5 Nd7 10. Ne2 a6 11. O-O b5 12. Qc2 Ba5 13. f4 Nb4 14. Qd1 Nxd3 15.
Qxd3 O-O 16. f5 c5 17. f6 g6 18. Qh3 Kh8 19. Rf3 h5 20. Rf5 1-0

[Event "47th Sparkassen Open"]
[Site "Dortmund GER"]
[Date "2019.07.16"]
[Round "4.11"]
[White "Schleining, Zoya"]
[Black "Toel, Karl-Ludwig"]
[Result "1-0"]
[WhiteTitle "IM"]
[WhiteElo "2339"]
[BlackElo "2068"]
[WhiteFideId "4671660"]
[BlackFideId "4685903"]
[EventDate "2019.07.13"]

1. Nf3 Nf6 2. c4 c5 3. Nc3 d5 4. cxd5 Nxd5 5. e4 Nb4 6. Bc4 e6 7. O-O Be7 8. d4
cxd4 9. Nxd4 N8c6 10. Ndb5 O-O 11. a3 Ne5 12. Be2 Nbc6 13. Be3 a6 14. Qxd8 Rxd8
15. Nc7 Rb8 16. Rfd1 b5 17. a4 b4 18. Na2 a5 19. f4 Ng6 20. e5 Bb7 21. g3 b3 22.
Nc3 Nb4 23. Ba7 Rbc8 24. N7b5 Nd5 25. Nxd5 Rxd5 26. Nc3 Bc5+ 27. Bxc5 Rdxc5 28.
Rd7 Bd5 29. Kf2 Kf8 30. Nxd5 exd5 31. Ra3 Rb8 32. Bd1 Ke8 33. Ra7 Ne7 34. Rxb3
Rxb3 35. Bxb3 Nc6 36. Rb7 Nb4 37. Rb5 d4 38. Rxc5 Nd3+ 39. Kf3 Nxc5 40. Bc4 Ke7
41. b3 f6 42. exf6+ Kxf6 43. g4 h6 44. h4 g5 45. fxg5+ hxg5 46. h5 Kg7 47. Ke2
Kf6 48. Kd1 Ne4 49. Kc2 Nc5 50. Kb2 Ke5 51. Ka3 Ne4 52. b4 axb4+ 53. Kxb4 Nf2
54. a5 Ne4 55. a6 Kd6 56. a7 1-0

[Event "47th Sparkassen Open"]
[Site "Dortmund GER"]
[Date "2019.07.16"]
[Round "4.12"]
[White "Quast, Marcel"]
[Black "Wuebker, Paul-Luca"]
[Result "1-0"]
[WhiteElo "2248"]
[BlackElo "2009"]
[WhiteFideId "24663476"]
[BlackFideId "12939528"]
[EventDate "2019.07.13"]

1. e4 c5 2. d4 cxd4 3. c3 dxc3 4. Nxc3 Nc6 5. Nf3 e6 6. Bc4 a6 7. O-O b5 8. Bb3
Na5 9. Bf4 Nxb3 10. Qxb3 Bb7 11. Rfe1 Be7 12. e5 f5 13. Rad1 Bxf3 14. gxf3 Bg5
15. Bxg5 Qxg5+ 16. Kh1 Nh6 17. Qa3 Qd8 18. Re3 Rf8 19. Rd6 Qc8 20. Ne2 Nf7 21.
Rd1 Nd8 22. Rd6 Rf7 23. Rc3 Qb7 24. Qb3 Re7 25. Re3 Rc8 26. Qa3 Rc6 27. Nd4 Rc1+
28. Kg2 Nc6 29. b3 Rb1 30. Nxc6 dxc6 31. Qc5 Rb2 32. a3 Kf7 33. f4 Rc7 34. Red3
a5 35. Rd8 Re7 36. R8d6 Ra2 37. Rh3 Qa7 38. Rxc6 Qxc5 39. Rxc5 Rb7 40. Rxh7 Rxa3
41. Rh3 b4 42. Rc2 Rd7 43. Rf3 Ra1 44. Re3 Rad1 45. Rc5 R1d5 46. Rc8 Rd2 47. Ra8
Ra2 48. Rg3 Ra3 49. Rb8 Ra2 50. Rh3 Rc2 51. Ra8 Rc5 52. Rhh8 Rd4 53. Ra7+ Kg6
54. Rg8 Kh5 55. Raxg7 Kh6 56. Rg3 Kh7 57. R8g5 1-0

[Event "47th Sparkassen Open"]
[Site "Dortmund GER"]
[Date "2019.07.16"]
[Round "4.13"]
[White "Zweschper, Erich"]
[Black "Bock, Juergen"]
[Result "0-1"]
[WhiteElo "2031"]
[BlackElo "2268"]
[WhiteFideId "4643119"]
[BlackFideId "4619129"]
[EventDate "2019.07.13"]

1. d4 d5 2. Bf4 c5 3. e3 cxd4 4. exd4 Nc6 5. Nf3 Nf6 6. Bd3 Bg4 7. c3 e6 8. Nbd2
Be7 9. h3 Bh5 10. Qe2 Bg6 11. Bg5 Bxd3 12. Qxd3 a6 13. Qe3 b5 14. a3 a5 15. O-O
b4 16. axb4 axb4 17. Rac1 bxc3 18. Rxc3 Na7 19. Qe2 O-O 20. Ne5 Bb4 21. Rd3 Be7
22. Rc3 Rc8 23. Rfc1 Rxc3 24. Rxc3 Nc8 25. Nc6 Qd7 26. Nxe7+ Qxe7 27. Nb3 Nd6
28. Nc5 Ra8 29. Rb3 h6 30. Bh4 Nf5 31. Rb7 Qd6 32. g3 Nxd4 33. Qd3 Qxc5 34. Bxf6
gxf6 35. Qd1 Qc1 0-1